| 000 | 00494nam a2200169Ia 4500 | ||
|---|---|---|---|
| 008 | 230718s9999 xx 000 0 und d | ||
| 020 | _a9788126541881 | ||
| 041 | _aeng | ||
| 082 |
_a658.0563 _bVER |
||
| 100 |
_aVercellis C. _9116580 |
||
| 245 |
_aBusiness Intelligence _bData Mining And Optimization For Decision Making |
||
| 260 |
_c2013 _bWiley |
||
| 300 | _a417 | ||
| 365 |
_cRs. _b449.00 |
||
| 700 |
_aVercellis C. _9116580 |
||
| 906 |
_dO:0411026-Aug-2014B:36210-Apr-2014 _cCOMP _b112.25 |
||
| 999 |
_c337990 _d337990 |
||